000 00830cam a2200289 i 4500
001 33803
005 20230410115427.0
008 761209s1977 nyu b 001 0 eng
035 _9(DLC) 76043464
035 _a1290759
010 _a 76043464
020 _a0465044522 :
_c$12.00
040 _aDLC
_cDLC
_dDLC
050 1 4 _aHD 58.7
_bK16m 1977
082 0 0 _a301.18/32
100 1 _aKanter, Rosabeth Moss.
245 1 0 _aMen and women of the corporation /
_cRosabeth Moss Kanter.
260 _aNew York :
_bBasic Books,
_cc1977.
300 _axv, 348 p. ;
_c24 cm.
504 _aBibliography: p. [326]-339.
500 _aIncludes index.
650 0 _aOrganizational behavior.
650 0 _aIndustrial organization.
650 0 _aWhite collar workers.
650 0 _aWomen white collar workers.
942 _2lcc
_cbk
999 _c40939
_d40939